Finite element analysis
Tallennettuna:
| Päätekijät: | , |
|---|---|
| Aineistotyyppi: | Kirja |
| Kieli: | englanti |
| Julkaistu: |
Nueva York
John Wiley and Sons
1991
|
| Painos: | 1a. ed |
| Aiheet: | |
| Tagit: |
Lisää tagi
Ei tageja, Lisää ensimmäinen tagi!
|
MARC
| LEADER | 00000cam a2200000 a 4500 | ||
|---|---|---|---|
| 001 | UCF9249 | ||
| 003 | CL-VaPUC | ||
| 008 | 131111e19910000us |||||||||||||||||eng|d | ||
| 020 | |a 0471502731 | ||
| 082 | 0 | 4 | |a 620.0015 |b SZA |2 21 |
| 100 | 0 | |a Szabó, Barna Aladar |e author |9 571513 | |
| 700 | 0 | |a Babuska, Ivo |e author |9 571514 | |
| 245 | 1 | 0 | |a Finite element analysis |
| 250 | |a 1a. ed | ||
| 300 | |a 368 p | ||
| 942 | |c BK | ||
| 945 | |d 20131111 15:03:00 |a cmena | ||
| 260 | |a Nueva York |b John Wiley and Sons |c 1991 | ||
| 650 | 0 | |a Método de elemento finito |9 327601 | |
| 650 | 0 | |a Matemáticas aplicadas |9 342401 | |
| 650 | 0 | |a Modelos matemáticos |9 259437 | |
| 650 | 0 | |a Matemáticas para ingenieros |9 259317 | |
| 583 | |a last modification |c 20131111 15:03:00 |k Rodrigo Vera | ||
| 999 | |c 353722 |d 353720 | ||
| 952 | |0 0 |1 0 |3 erd |4 0 |6 620_001500000000000_SZA_1991 |7 0 |8 A |9 459084 |a BIBMAT |b BIBMAT |d 2019-11-23 |i 5026075 |o 620.0015 SZA 1991 |p 5026075 |r 2025-01-07 |w 2019-11-23 |y BK |z Catalogado en:20131111 |k MAT | ||